000 01468cam a22004454i 4500
003 PE-LiUPU
005 20250731173120.0
008 150623s r 000 0 d
020 _a847953365X
035 _a(Sirsi) i9788479533656
040 _aPE-LiUPU
_bspa
_cPE-LiUPU
_erda
049 _aPRUA
082 0 4 _a254
_bH94
_221
100 1 _aHunter, James C.,
_eautor.
245 1 3 _aLa paradoja :
_bun relato sobre la verdadera esencia del liderazgo /
_cJames C. Hunter.
264 1 _aBarcelona :
_bEdiciones Urano,
_c1999.
300 _a173 páginas ;
_c22 centímetros
336 _atext
_2rdacontent
337 _aunmediated
_2rdamedia
338 _avolume
_2rdacarrier
505 0 _aLas definiciones. El paradigma antiguo. El modelo. El verbo. La elección. Los resultados. Epílogo.
526 _aSEG42
526 _aSEG41
526 _aSEG40
526 _aSEG39
526 _aP94
526 _aP87
526 _aP86
526 _aP85
526 _aP77
526 _aP76
526 _aP35
650 0 4 _aLiderazgo
_vEnsayos.
942 _2ddc
_cBOOK
949 _a254 H94
_wDEWEY
_c1
_i50431
_lCCODEBUL1
_mBUL
_r0
_sY
_tBOOK
_u2015-6-24
_xTEOLOGIA
_PP35
_0COMPRA
_o.STAFF. Colección General
994 _aC0
_bPEPRU
596 _a1
999 _a254 H94
_wDEWEY
_c32269
_i50431
_f2021-11-12
_g5
_lCCODEBUL1
_mBUL
_r0
_sY
_tBOOK
_u2015-6-24
_xTEOLOGIA
_PP35
_0COMPRA
_o.STAFF. Colección General
_d32269
980 _81
_gALBERTO SANCHEZ Responsable de Automatización